История (Запись № 13138008)

Подробности
000 -МАРКЕР
контрольное поле 01963nam0a2200385 4500
001 - ИДЕНТИФИКАТОР ЗАПИСИ
контрольное поле RU\NLR\BIBL_A\016356700
005 - ИДЕНТИФИКАТОР ВЕРСИИ
контрольное поле 20230628162536.0
010 ## - МЕЖДУНАРОДНЫЙ СТАНДАРТНЫЙ НОМЕР КНИГИ (ISBN)
Номер (ISBN) 978-5-09-100258-4
Тираж 1500
021 ## - НОМЕР ГОСУДАРСТВЕННОЙ РЕГИСТРАЦИИ
Код страны Российская Федерация
Номер КН-П-24-015489
Номер Листа государственной регистраци КН-П-24-1638
021 ## - НОМЕР ГОСУДАРСТВЕННОЙ РЕГИСТРАЦИИ
Код страны Российская Федерация
Номер КН-П-23-020540
Номер Листа государственной регистраци КН-П-23-2044
021 ## - НОМЕР ГОСУДАРСТВЕННОЙ РЕГИСТРАЦИИ
Код страны Российская Федерация
Номер КН-П-24-074979
Номер Листа государственной регистраци КН-П-24-7493
035 ## - ДРУГИЕ СИСТЕМНЫЕ НОМЕРА
Идентификатор записи (NLR Aleph) 016356700
100 ## - ДАННЫЕ ОБЩЕЙ ОБРАБОТКИ
Данные общей обработки 20230426d2023 e y0rusy50 ca
101 0# - ЯЗЫК РЕСУРСА
Язык текста, звукозаписи и т.д. русский
102 ## - СТРАНА ПУБЛИКАЦИИ ИЛИ ПРОИЗВОДСТВА
Страна публикации Российская Федерация
105 ## - ПОЛЕ КОДИРОВАННЫХ ДАННЫХ: ТЕКСТОВЫЕ МАТЕРИАЛЫ, МОНОГРАФИЧЕСКИЕ
Кодированные данные о монографическом текстовом документе acbhj|||000zy
200 1# - ЗАГЛАВИЕ И СВЕДЕНИЯ ОБ ОТВЕТСТВЕННОСТИ
Основное заглавие История
Наименование части Всеобщая история
-- История Нового времени, XIX-начало XX века
Сведения, относящиеся к заглавию 9 класс
-- учебник
Первые сведения об ответственности А. Я. Юдовская, П. А. Баранов, Л. М. Ванюшкина [и др.]
Последующие сведения об ответственности под редакцией А. А. Искендерова
205 ## - СВЕДЕНИЯ ОБ ИЗДАНИИ
Сведения об издании 5-е изд., перераб.
210 ## - ПУБЛИКАЦИЯ, РАСПРОСТРАНЕНИЕ И ДР.
Место издания, распространения и т.д. Москва
Имя издателя, распространителя и т. д. Просвещение
Дата издания, распространения и т.д. 2023
215 ## - ФИЗИЧЕСКАЯ ХАРАКТЕРИСТИКА
Специфическое обозначение материала и объем 270 [1] с.
Другие сведения о физической характеристике ил., цв. ил., портр., карты, факс., табл.
Размеры 24
225 1# - СЕРИЯ
Основное заглавие серии ФГОС
300 ## - ОБЩИЕ ПРИМЕЧАНИЯ
Текст примечания На обл. подзаг. незначительно изменен
300 ## - ОБЩИЕ ПРИМЕЧАНИЯ
Текст примечания Авт. указаны на обороте тит. с.
320 ## - ПРИМЕЧАНИЯ О НАЛИЧИИ В ДОКУМЕНТЕ БИБЛИОГРАФИИ / УКАЗАТЕЛЯ
Текст примечания Библиогр.: с. 259-260
606 1# - НАИМЕНОВАНИЕ ТЕМЫ КАК ПРЕДМЕТ
Наименование темы Всеобщая история
Хронологический подзаголовок 19 - нач. 20 вв.
Формальный подзаголовок Учебники для средней школы
Код системы nlr_sh2
Идентификатор авторитетной/нормативной записи RU\NLR\AUTH\661475801
686 1# - ИНДЕКСЫ ДРУГИХ КЛАССИФИКАЦИЙ
Индекс Т3(0)52я72
701 #1 - ИМЯ ЛИЦА - АЛЬТЕРНАТИВНАЯ ОТВЕТСТВЕННОСТЬ
Начальный элемент ввода Ванюшкина
Часть имени, кроме начального элемента ввода Л. М.
Расширение инициалов личного имени Любовь Максимовна
Идентификатор авторитетной/нормативной записи RU\NLR\AUTH\773904
701 #1 - ИМЯ ЛИЦА - АЛЬТЕРНАТИВНАЯ ОТВЕТСТВЕННОСТЬ
Начальный элемент ввода Юдовская
Часть имени, кроме начального элемента ввода А. Я.
Расширение инициалов личного имени Анна Яковлевна
Идентификатор авторитетной/нормативной записи RU\NLR\AUTH\773906
701 #1 - ИМЯ ЛИЦА - АЛЬТЕРНАТИВНАЯ ОТВЕТСТВЕННОСТЬ
Начальный элемент ввода Баранов
Часть имени, кроме начального элемента ввода П. А.
Дополнения к именам, кроме дат д-р пед. наук
Расширение инициалов личного имени Пётр Анатольевич
Идентификатор авторитетной/нормативной записи RU\NLR\AUTH\773903
702 #1 - ИМЯ ЛИЦА - ВТОРИЧНАЯ ОТВЕТСТВЕННОСТЬ
Начальный элемент ввода Искендеров
Часть имени, кроме начального элемента ввода А. А.
Даты 1927-
Расширение инициалов личного имени Ахмед Ахмедович
Код отношения Редактор
942 ## - ДОПОЛНИТЕЛЬНЫЕ ЭЛЕМЕНТЫ ЗАПИСИ (АБИС)
Тип экземпляра АБИС Книга
980 ## - КОЛЛЕКЦИЯ
Название коллекции Национальная библиография
Экземпляры
Тип экземпляра Дата поступления Источник поступления Библиотека постоянного хранения Библиотека текущего хранения Место хранения Штрих-код Статус экземпляра Шифр хранения Стоимость Нумерация / хронология для периодики
Книга 26.04.2023 Обязательный экземпляр РНБ (Московский) РНБ (Московский) Обменный фонд 1-4186871        
Книга 26.04.2023 Обязательный экземпляр РНБ (Московский) РНБ (Московский) Русский книжный фонд: издания с 1957 года 1-4186867   2023-5/3489    
Книга 16.04.2024 Обязательный экземпляр РНБ (Московский) РНБ (Московский) Обменный фонд 1-4530495        
Книга 16.04.2024 Обязательный экземпляр РНБ (Московский) РНБ (Московский) Обменный фонд 1-4530491        
Книга 27.01.2025 Обязательный экземпляр РНБ (Московский) РНБ (Московский) Обменный фонд 1-4853043     0.00 2025
Книга 27.01.2025 Обязательный экземпляр РНБ (Московский) РНБ (Московский) Обменный фонд 1-4853044     0.00 2025